| 000 -LEADER |
| fixed length control field |
00977nam a2200217Ia 4500 |
| 001 - CONTROL NUMBER |
| control field |
1250 |
| 003 - CONTROL NUMBER IDENTIFIER |
| control field |
GE_BSU |
| 008 - FIXED-LENGTH DATA ELEMENTS--GENERAL INFORMATION |
| fixed length control field |
181216s||||||||xx |||||||||||||| ||und|| |
| 040 ## - CATALOGING SOURCE |
| Transcribing agency |
GE_BSU |
| 080 ## - UNIVERSAL DECIMAL CLASSIFICATION NUMBER |
| Universal Decimal Classification number |
631.1 |
| 245 ## - TITLE STATEMENT |
| Title |
აგრარული რეფორმები საქართველოში რეალობა და პერსპექტივები. |
| 245 ## - TITLE STATEMENT |
| Remainder of title |
ეროვნული სემინარიის მასალები. |
| 245 ## - TITLE STATEMENT |
| Statement of responsibility, etc. |
პროექტის ხელმძღვანელი ნემსაძე ნანა.რედ: გიგაური მანანა. |
| 260 ## - PUBLICATION, DISTRIBUTION, ETC. |
| Place of publication, distribution, etc. |
თბილისი. |
| 260 ## - PUBLICATION, DISTRIBUTION, ETC. |
| Date of publication, distribution, etc. |
2001. |
| 300 ## - PHYSICAL DESCRIPTION |
| Extent |
147 გვ. 28 სმ. |
| 653 ## - INDEX TERM--UNCONTROLLED |
| Uncontrolled term |
აგრარული რეფორმები საქართველოში. |
| 653 ## - INDEX TERM--UNCONTROLLED |
| Uncontrolled term |
ეროვნული სემინარიის მასალები. |
| 942 ## - ADDED ENTRY ELEMENTS (KOHA) |
| Koha item type |
წიგნი |